000 00495cam a22002054a 4500
005 20250605164332.0
008 250528s ||||||||||||||||||||||||d
035 _a23276
020 _a132390779
040 _aGR-AtMCL
_bgre
_dGR-AtMCL
_eAACR2
245 1 _aSecurity in computing
250 _a5th
260 _bPrentice Hall,
_c2008
300 _a846
700 1 _aPfleeger Charles
_96337
700 1 _aPfleeger Shari Lawrence
_96338
942 _cBK
999 _c8305
_d8305